000
00308nam a2200133Ii 4500
020
_a
03114915362
040
_c
NIE
082
_a
NTC FAM 1994 C144 Or.
100
1
_a
Duvall, Evelyn Millis,
245
1
0
_a
Family living /
300
_a
xxi, 410 pages :
_b
illustrations
650
0
_a
Families.
942
_c
AEDBB
999
_c
21524
_d
21524